| 000 | 00845nam a2200241 a 4500 | ||
|---|---|---|---|
| 001 | 000004283 | ||
| 005 | 20251111094609.0 | ||
| 008 | 090721s2002 dr a 000 0 spa d | ||
| 020 | _a9993423386 | ||
| 040 |
_aDO-SdBNP _bspa _cBNPHU |
||
| 082 |
_a235.3 _bF638m |
||
| 100 | 1 |
_aFloripe Jiménez, Ana _912655 |
|
| 245 | 1 | 0 |
_aMi ángel mágico / _cAna Floripe Jiménez. |
| 246 | 1 | 4 |
_aMi ángel mágico : _bexperiencias propias y de otras personas, con ángeles celestiales |
| 260 |
_aSanto Domingo : _bAmigo del hogar, _c2002. |
||
| 300 |
_a113 p. : _bil. ; _c22 cm. |
||
| 500 | _aIncluye datos biográficos del autor en contracubierta. | ||
| 590 | _aInventariado, 2018/BT | ||
| 650 | 0 |
_aÁngeles _xCulto _912656 |
|
| 650 | 0 |
_a Ángeles guardianes _912657 |
|
| 650 | 4 |
_aExperiencia religiosa _96844 |
|
| 910 | _aValidado. Control de calidad. BNPHU | ||
| 999 |
_c4093 _d4093 |
||